• 首页
  • 本馆介绍
  • 公告通知
  • 最新文献
  • 馆藏检索
  • 电子资源
  • 读者导购
  • 参考咨询
  • 我的图书馆
  • 登录
  • 详细信息显示
  • 放入我的书架
  • 预约/预借图书
  • 作者相关作品
  • 分类相关作品
  • 丛书相关作品
  • 出版社相关作品

书目信息

  • 表格格式
  • 工作单格式
  • 卡片格式
题名:
系统药代动力学
    
 
作者: 杨凌 主编
分册:  
出版信息: 北京   科学出版社  2017.02
页数: 339页
开本: 26cm
丛书名:
单 册:
中图分类: R969.1
科图分类:
主题词: 药物代谢动力学
电子资源:
ISBN: 978-7-03-051720-3
000 01090nam0 2200229 450
001 4650
005 20181012150050.41
010    @a978-7-03-051720-3@dCNY128.00
100    @a20170427d2017 em y0chiy50 ea
101 0  @achi
102    @aCN@b110000
105    @ay az 000yy
200 1  @a系统药代动力学@9xi tong yao dai dong li xue@f杨凌主编
210    @a北京@c科学出版社@d2017.02
215    @a339页@d26cm
320    @a有书目
330    @a本书围绕着先整体、后拆分、再整合和验证的系统论理念,首先介绍了以表观药代行为表征的常用“整体药代动力学”理论(第一篇);继而为读者细致剖析了影响表观药代行为的单元决定因素及其机制(第二篇);之后介绍了如何利用药代决定因素/关键因素并结合生物体系基础参数重建系,并模拟药物在复杂体系中的药代行为(第三篇);在对药代行为和机制深入了解的基础上,第四篇介绍了药代动力学和药效动力学的关联性(PK-PD联动性),其中不仅涉及了药效动力学的研究方法论,还特别对系统论指导下的“基于机理的PK-PD联动”理论近些年过了概述性的介绍。
606 0  @a药物代谢动力学
690    @aR969.1@v5
701  0 @a杨凌@9yang ling@4主编
801  0 @aCN@b91MARC@c20170427
905    @aMuseLib@dR969.1@e151
    
    系统药代动力学/杨凌主编.-北京:科学出版社,2017.02
    339页;26cm
    
    
    ISBN 978-7-03-051720-3:CNY128.00
    本书围绕着先整体、后拆分、再整合和验证的系统论理念,首先介绍了以表观药代行为表征的常用“整体药代动力学”理论(第一篇);继而为读者细致剖析了影响表观药代行为的单元决定因素及其机制(第二篇);之后介绍了如何利用药代决定因素/关键因素并结合生物体系基础参数重建系,并模拟药物在复杂体系中的药代行为(第三篇);在对药代行为和机制深入了解的基础上,第四篇介绍了药代动力学和药效动力学的关联性(PK-PD联动性),其中不仅涉及了药效动力学的研究方法论,还特别对系统论指导下的“基于机理的PK-PD联动”理论近些年过了概述性的介绍。
●
相关链接 在E读中查询图书 在五车中查询图书 在当当中查询图书 在豆瓣中查询图书


正题名:系统药代动力学     索取号:R969.1/151         预约/预借

序号 登录号 条形码 馆藏地/架位号 状态 备注
1 1126118   211261187   第二样本阅览室/ [索取号:R969.1/151] 在馆    
2 1126119   211261196   第三借阅区/ [索取号:R969.1/151] 在馆    
3 1126120   211261203   密集书库-物理学院/ [索取号:R969.1/151] 在馆    
唐山师范学院图书馆 欢迎您!
大连网信软件有限公司© 版权所有